| 000 | 00000nam 2200000za 4500 |
| 001 | 9.811566 |
| 003 | CaOODSP |
| 005 | 20221107141124 |
| 007 | cr ||||||||||| |
| 008 | 160219s1941 onc |o f|0| 0 eng d |
| 040 | |aCaOODSP|beng |
| 043 | |an-cn--- |
| 086 | 1 |aCS91-D-58/1941E-PDF |
| 245 | 00|aSpecialized occupations national registration, 1940 |h[electronic resource] / |cpublished by authority of the Hon. James G. Gardiner. |
| 260 | |aOttawa : |bDepartment of National War Services, |c1941. |
| 300 | |a73 p. : |btables. |
| 500 | |aDigitized edition from print [produced by Statistics Canada]. |
| 692 | 07|2gccst|aJob classification |
| 710 | 1 |aCanada. |bDominion Bureau of Statistics. |
| 710 | 1 |aCanada.|bDepartment of National War Services. |
| 856 | 40|qPDF|s3.71 MB|uhttps://publications.gc.ca/collections/collection_2016/statcan/CS91-D-58-1941-eng.pdf |